000 00532nam a2200133Ia 4500
005 20260209120148.0
008 260209s9999||||xx |||||||||||||| ||und||
100 _aAkshay Kumar I
245 2 _aA critical study of advertisement, claim and labelling under the food safety and standards act, 2006
260 _aBangaloreBangalore
_bNLSIU, Bangalore
_c2023
300 _a56 p. ; 25 cm.
700 _aProf. Dr. Ashok R Patil - Supervisor Prof. Dr. Ashok R Patil - Supervisor
856 _uhttps://dans.nls.ac.in/handle/123456789/1240
999 _c217635
_d217635